| 000 | 00545nam a22001817a 4500 | ||
|---|---|---|---|
| 003 | OSt | ||
| 005 | 20250521125332.0 | ||
| 008 | 250521s2011 ag ||||| |||| 00| 0 spa d | ||
| 020 | _a9789876092814 | ||
| 040 | _cOSt | ||
| 100 | 1 |
_aLlamazares, Ana María _eautor |
|
| 245 | 1 | 0 |
_aDel reloj a la flor de loto : _bcrisis contemporánea y cambio de paradigma / _cAna María Llamazares |
| 260 |
_aBuenos Aires : _bDel Nuevo Extremo, _c2011 |
||
| 300 | _a443 p. | ||
| 490 | _aNuevamente | ||
| 650 | 4 |
_aEpistemología _xCiencias sociales |
|
| 942 |
_2udc _cOG _n0 |
||
| 999 |
_c509 _d509 |
||